000 00415nam a2200145 4500
999 _c3724
_d3724
008 200626b ||||| |||| 00| 0 eng d
082 0 0 _a604.2
_bB5755
100 _91437
_aBhatt, N. D.
245 1 0 _aGeometrical and machine drawing: a text book for diploma students /
_cby N. D. Bhatt
250 _a20th ed.
260 _aAnand
_bCharotor
_c1985
300 _a214 p.
650 0 _aMechanical Drawing
942 _2ddc
_cBK